00813 2200301 4500001002100000005001500021035002000036007000300056008004100059020002200100082001200122084001800134100001600152245011000168250001000278260003900288300003000327650003300357700001300390504003100403500001100434990001100445990001100456990001100467990001100478990001100489990001100500INLIS00000000000241920190114010916 a0010-1118000022ta190114 g 0 ind  a978-602-7874-98-5 aR.923.1 aR.923.1 ADE e0 aADE, Ma'ruf1 aEnsiklopedi Presiden Republik Indonesia :bMegawati Soekarnoputri /cAde Ma'ruf, dkk; penyunting, Rose KR acet.1 aYogyakarta :bAr-ruzz Media,c2016 ajil.5, 177 hlm. ;c21 cm. aPRESIDEN INDONESIA. BIOGRAFI0 aROSE, KR aBibliografi : hlm. 167-177 aIndeks a5799 a a5799 b a5799 a a5799 b a5799 b a5799 a